Взаимосвязь социальной работы и социальной политики: пер. с англ.

Λεπτομέρειες βιβλιογραφικής εγγραφής
Άλλοι συγγραφείς: Рамон Ш. (редактор)
Γλώσσα:Ρωσικά
Έκδοση: Москва, Аспект Пресс, 1997
Σειρά:Социальная работа в меняющемся мире
Программа: Высшее образование
Θέματα:
Μορφή: MixedMaterials Βιβλίο
KOHA link:https://koha.lib.tpu.ru/cgi-bin/koha/opac-detail.pl?biblionumber=10906

MARC

LEADER 00000nam0a2200000 4500
001 10906
005 20231101204738.0
010 |a 5756701982 
035 |a (RuTPU)RU\TPU\book\10973 
035 |a BOOK00011039 
090 |a 10906 
100 |a 20011209d1997 m y0rusy50 ca 
101 1 |a rus  |c eng 
102 |a RU 
105 |a y z 000zy 
200 1 |a Взаимосвязь социальной работы и социальной политики  |e пер. с англ.  |f Под ред. Ш. Рамон 
210 |a Москва  |c Аспект Пресс  |d 1997 
215 |a 256 с. 
225 1 |a Социальная работа в меняющемся мире 
225 1 |a Программа: Высшее образование 
606 1 |a Социальная работа  |x Практика  |2 stltpush  |3 (RuTPU)RU\TPU\subj\36957  |9 58148 
610 1 |a социальное обеспечение 
610 1 |a социальная политика 
686 |a У9(2)272  |v LBC/SL-A  |2 rubbk 
702 1 |a Рамон  |b Ш.  |4 340 
801 0 |a RU  |b 63413507  |c 20011209  |g PSBO 
801 2 |a RU  |b 63413507  |c 20211025  |g PSBO 
942 |c BK